Cassava processing and storage : (Record no. 18644)

000 -LEADER
fixed length control field 00731cam a2200205 i 4500
020 ## - INTERNATIONAL STANDARD BOOK NUMBER
ISBN 0889360367
040 ## - CATALOGING SOURCE
Transcribing agency DLC
082 00 - DEWEY DECIMAL CLASSIFICATION NUMBER
Classification number 664 IDR 1974 C149 Or.
245 00 - TITLE STATEMENT
Title Cassava processing and storage :
Remainder of title proceedings of an interdisciplinary workshop, Pattaya, Thailand, 17-19 April 1974 /
260 ## - PUBLICATION, DISTRIBUTION, ETC. (IMPRINT)
Place of publication Ottawa :
Name of publisher International Development Research Centre,
Year of publication c1974.
300 ## - PHYSICAL DESCRIPTION
Number of Pages 125 p. :
Other physical details ill. ;
Dimensions 25 cm.
500 ## - GENERAL NOTE
General note "IDRC-031e."
500 ## - GENERAL NOTE
General note "Workshop on cassava sponsored by the International Development Research Centre."
650 #0 - SUBJECT ADDED ENTRY--TOPICAL TERM
Topical Term Cassava
700 1# - ADDED ENTRY--PERSONAL NAME
Personal name Araullo, E. V.
700 1# - ADDED ENTRY--PERSONAL NAME
Personal name Nestel, Barry L.
700 1# - ADDED ENTRY--PERSONAL NAME
Personal name Campbell, Marilyn.
710 2# - ADDED ENTRY--CORPORATE NAME
Corporate name or jurisdiction name as entry element International Development Research Centre (Canada)
942 ## - ADDED ENTRY ELEMENTS (KOHA)
Koha item type ADB
952 ## - LOCATION AND ITEM INFORMATION (KOHA)
Withdrawn status [LOCAL, KOHA] 0
Holdings
Source of acquisition Permanent Location Date acquired Koha item type Lost status Shelving location Current Location Full call number
A38515Library Block C2019-12-30សៀវភៅភាសាអង់គ្លេស C149Library Block C664 IDR 1974 C149 Or.
មជ្ឈមណ្ឌលឯការនៃសាកលវិទ្យាល័យភូមិន្ទកសិកម្មចំការដូង

Powered by Koha